000 00251nam a2200097Ia 4500
001 815773
005 20250826171702.0
008 250824s9999 xx 000 0 und d
245 0 _aÖLÜMCÜL TAKİP
_cTUNCEL ALTINKÖPRÜ
260 _bGENÇ HAYAT YAYINLARI
999 _c815773
_d815773